|
|
|
|
| LEADER |
01391nam a22003137a 4500 |
| 001 |
37482 |
| 003 |
BD-DhAAL |
| 005 |
20220113152805.0 |
| 008 |
210624r20182018ii a|||| b||| 001 0 eng d |
| 999 |
|
|
|c 43222
|d 43222
|
| 020 |
|
|
|a 9788175342064
|
| 040 |
|
|
|a BD-DhAAL
|
| 082 |
|
|
|a 349.5409
|2 19
|
| 100 |
|
|
|a Rama Jois, M.
|q Mandagadde),
|d 1931-2021.
|9 41087
|
| 245 |
|
|
|a Legal and constitutional history of India :
|b ancient legal, judicial and constitutional system /
|
| 250 |
|
|
|a First edition
|
| 260 |
|
|
|a New Delhi :
|b Universal Law Publishing,
|c 2018 [Reprint]
|
| 300 |
|
|
|a xxiv, 723 page ;
|b illustrations ;
|c 24 cm.
|
| 504 |
|
|
|a Includes bibliographical references ( pages [707]-711)and index.
|
| 526 |
|
|
|a SOL
|
| 541 |
|
|
|a Karim International
|e 37482, 37483
|
| 546 |
|
|
|a English and Hindi
|
| 650 |
|
|
|a Constitutional history
|z India.
|9 41088
|
| 650 |
|
|
|a Law
|z India
|x History.
|9 41089
|
| 650 |
|
|
|a Law.
|9 43215
|
| 852 |
|
|
|a Ayesha Abed Library
|c General Stacks
|
| 942 |
|
|
|2 ddc
|c BK
|
| 952 |
|
|
|0 0
|1 0
|2 ddc
|4 0
|6 349_540900000000000_RAM
|7 0
|9 69335
|a BRACUL
|b BRACUL
|c GEN
|d 2021-05-05
|e Karim International
|g 1150.00
|l 2
|o 349.5409 RAM
|p 3010037482
|r 2023-02-12
|s 2023-02-06
|t 1
|v 1150.00
|w 2021-05-05
|y BK
|
| 952 |
|
|
|0 0
|1 0
|2 ddc
|4 0
|6 349_540900000000000_RAM
|7 0
|9 69336
|a BRACUL
|b BRACUL
|c GEN
|d 2021-05-05
|e Karim International
|g 1150.00
|l 0
|o 349.5409 RAM
|p 3010037483
|r 2021-05-05
|t 2
|v 1150.00
|w 2021-05-05
|y BK
|